ՀՀ Գիտությունների ազգային ակադեմիայի հիմնարար գիտական գրադարան  =   Fundamental Scientific Library of NAS RA

Рассказы немецких писателей 20 в. : (Record no. 56087)

MARC details
000 -LEADER
fixed length control field 00936nam a2200205 a 4500
001 - CONTROL NUMBER
control field 000163813
003 - CONTROL NUMBER IDENTIFIER
control field AM-YeHGA
005 - DATE AND TIME OF LATEST TRANSACTION
control field 20250617123319.0
008 - FIXED-LENGTH DATA ELEMENTS--GENERAL INFORMATION
fixed length control field 000503s1976 ru ||||gr|||||||||0|ger|d
040 ## - CATALOGING SOURCE
Original cataloging agency AM-YeHGA
041 0# - LANGUAGE CODE
Language code of text/sound track or separate title ger
-- rus
090 ## - LOCALLY ASSIGNED LC-TYPE CALL NUMBER (OCLC); LOCAL CALL NUMBER (RLIN)
-- 56977
245 00 - TITLE STATEMENT
Title Рассказы немецких писателей 20 в. :
Remainder of title Книга для чтения на 3 курсе отделений немецкого языка педагогических институтов : (На немецком языке) /
Statement of responsibility, etc. Подгот. текста и коммент. Э.Л. Брагиной.
246 15 - VARYING FORM OF TITLE
Title proper/short title Kleine deutsche Prosa 20. Jahrhundert
260 ## - PUBLICATION, DISTRIBUTION, ETC.
Place of publication, distribution, etc. Ленинград :
Name of publisher, distributor, etc. Просвещение. Ленингр. отд-ние,
Date of publication, distribution, etc. 1976.
300 ## - PHYSICAL DESCRIPTION
Extent 216 с.
650 14 - SUBJECT ADDED ENTRY--TOPICAL TERM
Topical term or geographic name entry element Немецкая литература - 20 в.
700 1# - ADDED ENTRY--PERSONAL NAME
Personal name Брагина, Э.Л.
Relator term подгот.
Relationship adp
Relator term коммент.
Relationship cmm
942 ## - ADDED ENTRY ELEMENTS (KOHA)
Source of classification or shelving scheme Universal Decimal Classification
Koha item type Գրքեր / Books
Holdings
Withdrawn status Lost status Source of classification or shelving scheme Damaged status Not for loan Collection Home library Current library Date acquired Total checkouts Full call number Barcode Date last seen Price effective from Koha item type Public note
    Universal Decimal Classification     General Fundamental Scientific Library Fundamental Scientific Library 22/12/2016   PII/378032 FL0352961 22/12/2016 22/12/2016 Գրքեր / Books 30 Days Loan


ՀՀ ԳԱԱ հիմնարար գիտական գրադարան
ՀՀ,Երևան 0019
Մարշալ Բաղրամյան 24/6
հեռախոս:(374-10) 52-47-50
Հետադարձ կապ

All site content, except where otherwise noted, is licensed under a
Creative Commons License